000 00531nam a2200193 a 4500
001 16810
003 CO-ViMGA
008 141112s2004 ck r 000 u spa d
020 _a968185232X
040 _aCO-ViMGA
_bspa
_cCO-ViMGA
082 0 4 _a720 A553a
100 1 _aAllen, Edward; Iano,
_923774
245 1 0 _aEl anteproyecto arquitectónico
260 _aMexico,
_cLimusa Wiley,
_c2002
300 _a224.p.il.
590 _aForma de adquisición : Premio - Mincultura
650 1 4 _aARQUITECTURA - PROYECTOS
942 _2ddc
_cBK
999 _c26460
_d26460